| 000 | 01308cam a22003857a 4500 | ||
|---|---|---|---|
| 003 | CHAP | ||
| 005 | 20220817043808.0 | ||
| 008 | 010918d1994 mx r 00110 spa d | ||
| 010 | _a84684 | ||
| 011 | _a85656 | ||
| 020 | _a9681846672 | ||
| 035 | _a96191 | ||
| 040 | _cCHAP | ||
| 082 | 0 | 4 |
_a338.1 _bG8 |
| 100 | 0 | 0 |
_aGuerra Espinal, Guillermo. _951124 |
| 245 | 1 | 0 |
_aManual práctico para la administración de agronegocios _c/por Guillermo Guerra Espinel y Alfredo Aguilar Valdés |
| 260 |
_aMéxico, D.F. : _bUTHEA, _c1994. |
||
| 300 |
_a155 p. : _bdiagrámas |
||
| 590 |
_aBATCH-UPD _b10 _c20130110 _lUCH01 _h0100 |
||
| 590 |
_aBATCH-UPD _b10 _c20130110 _lUCH01 _h0608 |
||
| 590 |
_aBATCH-UPD _b10 _c20130409 _lUCH01 _h2049 |
||
| 590 |
_aBATCH-UPD _b10 _c20130410 _lUCH01 _h0543 |
||
| 590 |
_aBATCH-UPD _b10 _c20130913 _lUCH01 _h1934 |
||
| 590 |
_aBATCH-UPD _b10 _c20130914 _lUCH01 _h1555 |
||
| 590 |
_aCONVERSION _b10 _c20130109 _lUCH01 _h1347 |
||
| 650 | 1 | 4 |
_aAdministración. _9918 |
| 650 | 1 | 4 |
_aAgricultura _xAspectos económicos. |
| 650 | 1 | 4 |
_aIndustrias agrícolas. _957925 |
| 650 | 1 | 4 |
_aNegocios. _980696 |
| 700 | 0 | 0 |
_aAguilar Valdés, Alfredo. _92867 |
| 901 | _aBK | ||
| 905 | _aMayto Villalobos S. | ||
| 942 | _cLIBRO | ||
| 949 |
_a338.1 G8 _bBC _cLIBRO _d33724000855151 _eLIBRO _h101624 _i96191 _si _t$58.65 |
||
| 999 |
_c84684 _d84684 |
||